System identification (Record no. 33006)
[ view plain ]
| 000 -LEADER | |
|---|---|
| fixed length control field | 00482cam a2200181 i 4500 |
| 003 - CONTROL NUMBER IDENTIFIER | |
| control field | NUST |
| 008 - FIXED-LENGTH DATA ELEMENTS--GENERAL INFORMATION | |
| fixed length control field | 760923s1976 nyua b 000 0 eng |
| 010 ## - LIBRARY OF CONGRESS CONTROL NUMBER | |
| LC control number | 76046267 |
| 020 ## - INTERNATIONAL STANDARD BOOK NUMBER | |
| International Standard Book Number | 9780857295217 |
| 038 ## - RECORD CONTENT LICENSOR | |
| Staff Name | khadija |
| 050 00 - LIBRARY OF CONGRESS CALL NUMBER | |
| Classification number | QA402 |
| Item number | .S956 |
| 082 00 - DEWEY DECIMAL CLASSIFICATION NUMBER | |
| Classification number | 003.1 |
| Author Mark | KEE |
| 100 ## - MAIN ENTRY--PERSONAL NAME | |
| Personal name | Karel J. Keesman |
| 9 (RLIN) | 81509 |
| 245 00 - TITLE STATEMENT | |
| Title | System identification |
| Remainder of title | An Introduction \ |
| Statement of responsibility, etc. | Keesman J. Karel |
| 260 ## - PUBLICATION, DISTRIBUTION, ETC. | |
| Place of publication, distribution, etc. | New York : |
| Name of publisher, distributor, etc. | Academic Press, |
| Date of publication, distribution, etc. | 1976. |
| 563 ## - BINDING INFORMATION | |
| Binding note | paper back |
| 942 ## - ADDED ENTRY ELEMENTS (KOHA) | |
| Source of classification or shelving scheme | |
| Koha item type | Book |
| Withdrawn status | Lost status | Source of classification or shelving scheme | Damaged status | Not for loan | Permanent Location | Current Location | Shelving location | Date acquired | Full call number | Barcode | Date last seen | Price effective from | Koha item type | Public note |
|---|---|---|---|---|---|---|---|---|---|---|---|---|---|---|
| School of Mechanical & Manufacturing Engineering (SMME) | School of Mechanical & Manufacturing Engineering (SMME) | General Stacks | 12/17/2015 | 003.1 KEE | SMME-2028 | 04/03/2018 | 12/17/2015 | Book | Rack,50-Shelf,1 |
